[Event "I Open A"]
[Site "Pedavena ITA"]
[Date "2005.08.04"]
[Round "2"]
[White "Cortina, Federico"]
[Black "Andolfatto, Biagio"]
[Result "1-0"]
[WhiteElo "1868"]
[BlackElo "1684"]
[PlyCount "93"]
[EventDate "2005.08.03"]

1. Nf3 Nf6 2. g3 g6 3. Bg2 Bg7 4. O-O O-O 5. d4 d5 6. c4 c6 7. b3 Na6 8. Bb2
Rb8 9. Ne5 Be6 10. Nd2 Nd7 11. Nd3 f6 12. Nf4 Bf7 13. cxd5 cxd5 14. Nxd5 e6 15.
Ne3 Nb6 16. Nec4 Nd5 17. Ne4 b5 18. Ncd6 f5 19. Nxf7 Rxf7 20. Nc3 Nxc3 21. Bxc3
b4 22. Bb2 Rc8 23. Qd2 Rfc7 24. Rac1 Rxc1 25. Rxc1 Rxc1+ 26. Qxc1 Qc7 27. d5
Bc3 28. d6 Qxd6 29. Bxc3 bxc3 30. Qxc3 Nb4 31. a3 Qd1+ 32. Bf1 Nd5 33. Qc4 Kf7
34. b4 Kf6 35. e3 g5 36. Qa6 h5 37. Qxa7 h4 38. Qd4+ Qxd4 39. exd4 hxg3 40.
fxg3 f4 41. Bc4 Nb6 42. Bb3 Kf5 43. a4 Ke4 44. a5 Na8 45. b5 Kxd4 46. b6 Kc5
47. b7 1-0

[Event "I Open A"]
[Site "Pedavena ITA"]
[Date "2005.08.04"]
[Round "2"]
[White "Drezzadore, Dario"]
[Black "Luciani, Valerio"]
[Result "1-0"]
[WhiteElo "2019"]
[BlackElo "2248"]
[PlyCount "47"]
[EventDate "2005.08.03"]

1. e4 d6 2. d4 Nf6 3. Nc3 c6 4. Nf3 Bg4 5. Be2 e6 6. O-O Be7 7. e5 dxe5 8. Nxe5
Bxe2 9. Nxe2 O-O 10. b3 Qc7 11. Bf4 Nh5 12. Be3 Rd8 13. Nf4 Nf6 14. Qe2 Nbd7
15. Nxf7 Kxf7 16. Nxe6 Qd6 17. Ng5+ Kg8 18. Bf4 Qxf4 19. Qe6+ Kh8 20. Nf7+ Kg8
21. Nxd8+ Kh8 22. Nf7+ Kg8 23. Ne5+ Kh8 24. g3 1-0

[Event "I Open A"]
[Site "Pedavena ITA"]
[Date "2005.08.04"]
[Round "2"]
[White "Dvirnyy, Danyyil"]
[Black "Starostits, Ilmars"]
[Result "0-1"]
[WhiteElo "2141"]
[BlackElo "2474"]
[PlyCount "52"]
[EventDate "2005.08.03"]

1. e4 c5 2. Nf3 d6 3. d4 cxd4 4. Qxd4 Nc6 5. Bb5 Bd7 6. Bxc6 Bxc6 7. Nc3 Nf6 8.
Bg5 e6 9. O-O-O Be7 10. Qd3 Qa5 11. h4 h6 12. Bd2 Ng4 13. Be1 Rc8 14. Nd5 Nxf2
15. Qd4 Qxa2 16. Bxf2 exd5 17. Qxg7 Kd7 18. Qg4+ Kc7 19. exd5 Bd7 20. Qb4 Rhg8
21. Rhe1 Bf6 22. Bd4 Rxg2 23. Qa3 Qxa3 24. bxa3 Kb8 25. Bxf6 Rcxc2+ 26. Kb1 Bf5
0-1

[Event "I Open A"]
[Site "Pedavena ITA"]
[Date "2005.08.04"]
[Round "2"]
[White "Efimov, Igor"]
[Black "Solinas, Carlo"]
[Result "1-0"]
[WhiteElo "2401"]
[BlackElo "2074"]
[PlyCount "75"]
[EventDate "2005.08.03"]

1. d4 Nf6 2. Nf3 g6 3. c4 Bg7 4. Nc3 O-O 5. e4 d6 6. Be3 c5 7. d5 Nbd7 8. h3 a6
9. a4 b6 10. Be2 Qc7 11. Qd2 Rd8 12. O-O Nf8 13. Bh6 e5 14. Ne1 Ne8 15. Bxg7
Kxg7 16. Nd3 f6 17. f4 Ra7 18. Rf2 Kg8 19. Raf1 exf4 20. Nxf4 Qg7 21. Bd3 Re7
22. a5 bxa5 23. Na4 Rb7 24. Qxa5 Qc7 25. Qd2 Rb4 26. Nc3 Qg7 27. Na2 Rb8 28. b4
f5 29. exf5 gxf5 30. Nh5 Qg6 31. Rxf5 Bxf5 32. Rxf5 Ng7 33. Rxf8+ Rxf8 34. Bxg6
hxg6 35. Nxg7 Kxg7 36. bxc5 dxc5 37. Nc3 Rbe8 38. Na4 1-0

[Event "I Open A"]
[Site "Pedavena ITA"]
[Date "2005.08.04"]
[Round "2"]
[White "Gaido, Paolo"]
[Black "Dussin, Davide"]
[Result "1-0"]
[WhiteElo "2114"]
[BlackElo "1706"]
[PlyCount "79"]
[EventDate "2005.08.03"]

1. Nf3 d5 2. d4 Nf6 3. c4 e6 4. Bg5 Be7 5. e3 O-O 6. Nc3 Nbd7 7. Rc1 c5 8. cxd5
exd5 9. Be2 b6 10. O-O Bb7 11. Ne5 Nxe5 12. dxe5 Nd7 13. Bxe7 Qxe7 14. f4 Nxe5
15. fxe5 Qxe5 16. Bf3 Rad8 17. Qa4 a6 18. Qf4 Qxf4 19. exf4 Ba8 20. Rf2 Rfe8
21. Kf1 Kf8 22. Re1 Rxe1+ 23. Kxe1 Ke7 24. Rd2 Ke6 25. Re2+ Kd6 26. Bxd5 Bxd5
27. Nxd5 Kc6 28. Nc3 Rd7 29. Rd2 Re7+ 30. Kf2 b5 31. Rd8 Kc7 32. Rd2 Kc6 33.
Kf3 f5 34. Nd1 a5 35. Ne3 g6 36. Rd8 c4 37. Rc8+ Kb7 38. Rc5 Kb6 39. Re5 Rd7
40. a4 1-0

[Event "I Open A"]
[Site "Pedavena ITA"]
[Date "2005.08.04"]
[Round "2"]
[White "Gamberini, Davide"]
[Black "Reginato, Sabrina"]
[Result "1-0"]
[WhiteElo "1862"]
[BlackElo "1670"]
[PlyCount "52"]
[EventDate "2005.08.03"]

1. e4 c5 2. c3 e6 3. d4 cxd4 4. cxd4 d6 5. Nf3 Nc6 6. Nc3 Nf6 7. Bg5 Be7 8. Bd3
Qb6 9. Qd2 O-O 10. Be3 Qc7 11. Rc1 Qb8 12. O-O a6 13. d5 Ne5 14. Nxe5 dxe5 15.
Na4 exd5 16. exd5 Nxd5 17. Bxh7+ Kxh7 18. Qxd5 Qd6 19. Qxd6 Bxd6 20. Rfd1 Be7
21. Nb6 Rb8 22. Rc7 Re8 23. Nxc8 Rbxc8 24. Rxb7 f5 25. f3 Bf6 26. Rd6 Red8 1-0

[Event "I Open A"]
[Site "Pedavena ITA"]
[Date "2005.08.04"]
[Round "2"]
[White "Inkiov, Ventzislav V."]
[Black "Rossi, Gianni"]
[Result "1-0"]
[WhiteElo "2472"]
[BlackElo "2108"]
[PlyCount "33"]
[EventDate "2005.08.03"]

1. d4 e5 2. dxe5 d6 3. Nf3 Bg4 4. e4 Nc6 5. exd6 Bxd6 6. h3 Bh5 7. Nc3 Nf6 8.
Be2 Qe7 9. Bg5 O-O-O 10. Nd2 Bxe2 11. Qxe2 Nd4 12. Qd3 Be5 13. O-O Ne6 14. Nd5
Qe8 15. Be3 Nxd5 16. exd5 Nf4 17. Bxf4 1-0

[Event "I Open A"]
[Site "Pedavena ITA"]
[Date "2005.08.04"]
[Round "2"]
[White "Maniero, Andrea"]
[Black "Marcori, Mirko"]
[Result "1-0"]
[WhiteElo "1898"]
[BlackElo "1730"]
[PlyCount "127"]
[EventDate "2005.08.03"]

1. e4 e6 2. Nc3 d5 3. f4 dxe4 4. Nxe4 f5 5. Nc3 Nf6 6. Nf3 Bd6 7. d4 a6 8. Ne5
Nbd7 9. Bc4 Nb6 10. Bb3 O-O 11. Qd3 c5 12. dxc5 Bxc5 13. Qxf5 Nfd5 14. Qh3 Rxf4
15. Bxf4 Nxf4 16. Qg4 Qd4 17. Ne2 Qf2+ 18. Kd1 Nbd5 19. Bxd5 Nxd5 20. Qf3 Qxf3
21. gxf3 Be3 22. c3 b5 23. Kc2 Bb7 24. Rhf1 Bh6 25. Ng4 Bg5 26. f4 Be7 27. Kd3
Rd8 28. Nd4 Nf6 29. Ne5 Bd5 30. Rae1 Bd6 31. Kc2 Bxe5 32. fxe5 Ng4 33. h3 Nh6
34. Rf4 Nf7 35. b3 Re8 36. h4 h6 37. Rg4 Re7 38. Kd3 Rc7 39. Rg6 Nd8 40. Reg1
Kh7 41. h5 Re7 42. c4 bxc4+ 43. bxc4 Bc6 44. Nxc6 Nxc6 45. Ke4 Nb4 46. a4 Kg8
47. Rxh6 Rc7 48. Rxe6 Rxc4+ 49. Kf5 Nd5 50. h6 Rf4+ 51. Kg6 Rf8 52. hxg7 Nf4+
53. Kh6 Nxe6 54. gxf8=Q+ Kxf8 55. Rc1 Ke7 56. Rc6 a5 57. Kg6 Nd4 58. Ra6 Nb3
59. Kf5 Nd4+ 60. Ke4 Nb3 61. Kd5 Kd7 62. Ra7+ Kc8 63. e6 Kd8 64. Kd6 1-0

[Event "I Open A"]
[Site "Pedavena ITA"]
[Date "2005.08.04"]
[Round "2"]
[White "Navarro, Emanuele"]
[Black "Schiatti, Piero"]
[Result "1-0"]
[WhiteElo "2158"]
[BlackElo "1970"]
[PlyCount "85"]
[EventDate "2005.08.03"]

1. e4 e6 2. d4 d5 3. Nc3 Nf6 4. e5 Ne4 5. Bd3 Nxc3 6. bxc3 c5 7. Nf3 Nc6 8. O-O
Be7 9. Re1 c4 10. Bf1 Qa5 11. Qd2 Qa4 12. Re2 Bd7 13. Qe1 h6 14. g3 O-O-O 15.
h3 Rdg8 16. Bg2 Kc7 17. Nh2 Ba3 18. Bxa3 Qxa3 19. f4 b5 20. Re3 Rb8 21. f5 Qb2
22. fxe6 fxe6 23. Qc1 Qxc1+ 24. Rxc1 b4 25. Nf3 bxc3 26. Rxc3 Rb2 27. a3 Rhb8
28. Bf1 Ra2 29. Rd1 Rbb2 30. Rd2 Ra1 31. Kg2 Na5 32. Re2 Rba2 33. Ree3 Rc1 34.
Bd3 Kd8 35. Bg6 Be8 36. Bh7 g6 37. Re2 Rca1 38. Ree3 Nc6 39. h4 Ne7 40. g4 Bf7
41. h5 gxh5 42. g5 Rc1 43. gxh6 1-0

[Event "I Open A"]
[Site "Pedavena ITA"]
[Date "2005.08.04"]
[Round "2"]
[White "Navarro, Stefano"]
[Black "Moi, Roberto"]
[Result "1-0"]
[WhiteElo "2209"]
[BlackElo "2010"]
[PlyCount "73"]
[EventDate "2005.08.03"]

1. e4 e5 2. Nf3 Nf6 3. Nxe5 d6 4. Nf3 Nxe4 5. d4 d5 6. Bd3 Nc6 7. O-O Be7 8.
Re1 Bg4 9. c3 f5 10. Nbd2 O-O 11. Qb3 Kh8 12. Qxb7 Rf6 13. Qb3 Rb8 14. Qc2 Rg6
15. Ne5 Nxe5 16. dxe5 Bc5 17. Nxe4 dxe4 18. Bf1 Qd5 19. b4 Bb6 20. Bf4 e3 21.
fxe3 c5 22. c4 Qb7 23. bxc5 Bxc5 24. Rab1 Qc7 25. Kh1 Rbb6 26. Rb5 Bxe3 27.
Rxb6 Bxb6 28. c5 Qxc5 29. Qxc5 Bxc5 30. Rc1 Rc6 31. Be3 Bxe3 32. Rxc6 Kg8 33.
e6 Kf8 34. Rc7 Bg5 35. Rf7+ Ke8 36. Bb5+ Kd8 37. Rd7+ 1-0

[Event "I Open A"]
[Site "Pedavena ITA"]
[Date "2005.08.04"]
[Round "2"]
[White "Occari, Maurizio"]
[Black "Okhotnik, Vladimir"]
[Result "0-1"]
[WhiteElo "2124"]
[BlackElo "2404"]
[PlyCount "38"]
[EventDate "2005.08.03"]

1. e4 c5 2. Nc3 e6 3. g3 d5 4. exd5 exd5 5. Bg2 Nf6 6. d3 Be7 7. Nge2 d4 8. Ne4
Nxe4 9. dxe4 h5 10. h4 Nc6 11. Bf4 Qb6 12. b3 Bg4 13. O-O f6 14. f3 Be6 15. Kh2
g5 16. Bd2 O-O-O 17. f4 gxh4 18. gxh4 Bg4 19. Bh3 f5 0-1

[Event "I Open A"]
[Site "Pedavena ITA"]
[Date "2005.08.04"]
[Round "2"]
[White "Pegoraro, Nicola"]
[Black "Gromovs, Sergejs"]
[Result "1/2-1/2"]
[WhiteElo "2085"]
[BlackElo "2375"]
[PlyCount "132"]
[EventDate "2005.08.03"]

1. e4 c5 2. Nf3 d6 3. d4 cxd4 4. Nxd4 Nf6 5. Nc3 a6 6. Be3 e5 7. Nb3 Be6 8. f3
Be7 9. Qd2 O-O 10. O-O-O Nbd7 11. g4 b5 12. h4 Nb6 13. Na5 Qc7 14. g5 Nh5 15.
Nd5 Nxd5 16. exd5 Bxd5 17. Qxd5 Qxa5 18. Bh3 Qa4 19. Kb1 Nf4 20. Qb7 Rfe8 21.
Bxf4 Qxf4 22. Bd7 Reb8 23. Qd5 Ra7 24. Bg4 Rc7 25. Rhe1 Rc5 26. Qe4 Rc4 27.
Qxf4 Rxf4 28. Re4 Rxe4 29. fxe4 g6 30. Rd3 Kg7 31. Rc3 h6 32. gxh6+ Kxh6 33.
Rc7 Re8 34. Kc1 Kg7 35. h5 Kf6 36. hxg6 fxg6 37. Kd2 Rh8 38. Ke3 Rh2 39. Kf3
Rh1 40. Bc8 a5 41. Ra7 Rc1 42. Rxa5 Rxc2 43. Bd7 Rxb2 44. Bxb5 Bd8 45. Ra8 Rxb5
46. Rxd8 Rb6 47. Kg4 Ra6 48. Rd7 Ke6 49. Rg7 Rxa2 50. Rxg6+ Kd7 51. Kf3 Kc6 52.
Rg1 Ra3+ 53. Ke2 Rc3 54. Rd1 Rc4 55. Ke3 Rc3+ 56. Ke2 Kd7 57. Rd5 Ke6 58. Rd1
Ra3 59. Rd5 Ra6 60. Rd1 Kf6 61. Rf1+ Kg5 62. Rf5+ Kg4 63. Rf6 Ra2+ 64. Ke3 Ra3+
65. Ke2 Ra4 66. Rxd6 66... Rxe4+ {...} 1/2-1/2

[Event "I Open A"]
[Site "Pedavena ITA"]
[Date "2005.08.04"]
[Round "2"]
[White "Pomaro, Alberto"]
[Black "Celotto, Carlo"]
[Result "0-1"]
[WhiteElo "1943"]
[BlackElo "1840"]
[PlyCount "112"]
[EventDate "2005.08.03"]

1. d4 f5 2. c4 Nf6 3. Nc3 g6 4. g3 Bg7 5. Bg2 O-O 6. Nf3 d6 7. O-O Nbd7 8. Qb3
c6 9. Ng5 Nb8 10. d5 h6 11. Nh3 e5 12. c5 Kh8 13. Rd1 cxd5 14. Nxd5 Nc6 15.
cxd6 Nd4 16. Rxd4 exd4 17. Nc7 Rb8 18. Nf4 g5 19. Ng6+ Kh7 20. Nxf8+ Qxf8 21.
Na6 Ra8 22. Bxb7 Bxb7 23. Qxb7 Rd8 24. Qe7 Ne4 25. Nb4 Rxd6 26. Qxf8 Bxf8 27.
Nd3 Rc6 28. f3 Rc2 29. fxe4 fxe4 30. Nf2 Rxe2 31. a3 Bc5 32. b4 Bb6 33. Kf1 d3
34. Ng4 h5 35. Nf6+ Kg6 36. Nd5 Bd4 37. Rb1 Rxh2 38. b5 d2 39. Bxd2 Rxd2 40. a4
Kf5 41. a5 h4 42. gxh4 gxh4 43. b6 h3 44. Rb3 axb6 45. axb6 h2 46. Rh3 Rf2+ 47.
Ke1 Rg2 48. Kf1 Rf2+ 49. Ke1 Rb2 50. Kf1 Kg4 51. Rh6 Kg3 52. Ne7 Bxb6 53. Nf5+
Kf4 54. Nd6 Rf2+ 55. Ke1 Rg2 56. Rh4+ Kg5 0-1

[Event "I Open A"]
[Site "Pedavena ITA"]
[Date "2005.08.04"]
[Round "2"]
[White "Quaranta, Gaetano"]
[Black "Torri, Graziano"]
[Result "1/2-1/2"]
[WhiteElo "1631"]
[BlackElo "1865"]
[PlyCount "69"]
[EventDate "2005.08.03"]

1. e4 c5 2. d4 cxd4 3. c3 d3 4. Bxd3 Nc6 5. Nf3 d6 6. O-O Bg4 7. Be3 Nf6 8.
Nbd2 g6 9. h3 Bd7 10. Qe2 Bg7 11. Rfd1 O-O 12. Rac1 a6 13. Nc4 b5 14. Nb6 Rb8
15. Nxd7 Nxd7 16. a3 Na5 17. Nd2 Qc7 18. Bd4 Ne5 19. Bc2 Nec4 20. Bxg7 Kxg7 21.
Nxc4 bxc4 22. Bb1 Rb6 23. Ba2 Rfb8 24. Rc2 Nb3 25. Bxb3 Rxb3 26. Rdd2 R8b5 27.
Rd4 Qb8 28. Rdd2 Kg8 29. f3 Qb6+ 30. Kh1 Qc6 31. Rd4 Rc5 32. Kg1 Rb8 33. Kh1
Rc8 34. Rcd2 Qb5 35. Rd5 1/2-1/2

[Event "I Open A"]
[Site "Pedavena ITA"]
[Date "2005.08.04"]
[Round "2"]
[White "Ranfagni, Stefano"]
[Black "Fracasso Pezzolato, Michele"]
[Result "1/2-1/2"]
[WhiteElo "1934"]
[BlackElo "1814"]
[PlyCount "99"]
[EventDate "2005.08.03"]

1. e4 g6 2. d4 Bg7 3. Nf3 d6 4. h3 Nf6 5. Bd3 O-O 6. c3 Nbd7 7. O-O e5 8. Bg5
h6 9. Bh4 Re8 10. Nbd2 Nf8 11. dxe5 dxe5 12. Nc4 N8d7 13. Bc2 g5 14. Bg3 Nh5
15. Bh2 Nf4 16. Bxf4 exf4 17. Qe2 Ne5 18. Ncxe5 Bxe5 19. Rad1 Qf6 20. Rd5 c6
21. Rxe5 Rxe5 22. Nxe5 Qxe5 23. Qh5 Kg7 24. Qd1 Be6 25. a3 Qc7 26. Qd4+ f6 27.
f3 c5 28. Qf2 Rd8 29. Qe2 Qe5 30. Rd1 Rxd1+ 31. Qxd1 Qc7 32. Qd3 Qd7 33. Kf2
Qxd3 34. Bxd3 c4 35. Bc2 h5 36. Ba4 Kf7 37. Bd1 Ke7 38. Ke1 Kd6 39. Kd2 h4 40.
Kc2 f5 41. exf5 Bxf5+ 42. Kd2 Bd3 43. Be2 Bxe2 44. Kxe2 Kc5 45. Kd2 b5 46. Kc2
a5 47. Kb1 b4 48. axb4+ axb4 49. Kc2 Kb5 50. Kb1 1/2-1/2

[Event "I Open A"]
[Site "Pedavena ITA"]
[Date "2005.08.04"]
[Round "2"]
[White "Sottroi, Carlo"]
[Black "Pol, Fabio"]
[Result "1/2-1/2"]
[WhiteElo "1802"]
[BlackElo "1688"]
[PlyCount "84"]
[EventDate "2005.08.03"]

1. e4 c6 2. d4 d5 3. Nc3 dxe4 4. Nxe4 Bf5 5. Ng3 Bg6 6. Nf3 e6 7. Bd3 Nd7 8.
O-O Bd6 9. Bg5 Ngf6 10. Re1 Qc7 11. Nf5 Bxf5 12. Bxf5 h6 13. Bd2 O-O 14. Bd3
Rfe8 15. Qc1 Bf8 16. Ne5 c5 17. c3 Nd5 18. Qd1 Rad8 19. Qf3 Nxe5 20. dxe5 c4
21. Bb1 Ne7 22. Qe4 g6 23. Bf4 Nf5 24. Bc2 Rd5 25. g4 Ne7 26. Qe3 Nc6 27. h4
Bg7 28. h5 g5 29. Bg3 Kf8 30. Rad1 Red8 31. Rxd5 Rxd5 32. Be4 Ra5 33. Bxc6 Qxc6
34. a3 b6 35. Rd1 Rd5 36. Rxd5 Qxd5 37. Qd4 Ke7 38. Qxd5 exd5 39. Kf1 Ke6 40.
f4 gxf4 41. Bxf4 a6 42. Ke2 f6 1/2-1/2

[Event "I Open A"]
[Site "Pedavena ITA"]
[Date "2005.08.04"]
[Round "2"]
[White "Zarpellon, Daniel"]
[Black "Pojer, Romeo"]
[Result "0-1"]
[WhiteElo "2015"]
[BlackElo "2160"]
[PlyCount "96"]
[EventDate "2005.08.03"]

1. d4 Nf6 2. c4 g6 3. Nc3 Bg7 4. e4 d6 5. f3 O-O 6. Bg5 Nc6 7. Nge2 e5 8. d5
Na5 9. Nc1 c5 10. Qd2 b6 11. g4 h6 12. Be3 h5 13. h3 Nh7 14. Nb3 Nb7 15. Be2 h4
16. g5 Bd7 17. O-O-O f5 18. gxf6 Qxf6 19. Rdg1 Nd8 20. Nd1 Nf7 21. Nf2 g5 22.
Ng4 Qd8 23. Bd3 a5 24. Qg2 b5 25. f4 exf4 26. Bxf4 bxc4 27. Bxc4 Bxg4 28. Qxg4
Qf6 29. Rg2 gxf4 30. Rhg1 Nfg5 31. Qxh4 f3 32. Rf2 Qf4+ 33. Qxf4 Rxf4 34. Rgf1
Bd4 35. Nxd4 cxd4 36. Bd3 Raf8 37. b3 Nxh3 38. Rh2 N7g5 39. a3 f2 40. Kc2 Rf3
41. Rg2 Rc8+ 42. Kd2 Kf8 43. b4 Rc3 44. Bb1 axb4 45. axb4 Rb3 46. Bc2 Rxb4 47.
Rg4 d3 48. Bd1 Rg3 0-1

[Event "I Open A"]
[Site "Pedavena ITA"]
[Date "2005.08.04"]
[Round "3"]
[White "Andolfatto, Biagio"]
[Black "Brunelli, Giovanni"]
[Result "0-1"]
[WhiteElo "1684"]
[BlackElo "1938"]
[PlyCount "70"]
[EventDate "2005.08.03"]

1. d4 Nf6 2. c4 e6 3. Nc3 d5 4. e3 Nbd7 5. Bd3 Be7 6. Nf3 O-O 7. O-O c5 8. a3
cxd4 9. exd4 dxc4 10. Bxc4 Nb6 11. Bb3 Nbd5 12. Ne5 Nxc3 13. bxc3 Qc7 14. Qf3
Nd5 15. Bd2 f6 16. Ng4 Kh8 17. c4 Nb6 18. Ba5 Qd7 19. Qd3 e5 20. Bc2 g6 21. Ne3
exd4 22. Bxb6 axb6 23. Nd5 Bc5 24. h3 b5 25. Rfe1 bxc4 26. Qxc4 b6 27. Nb4 Bb7
28. Re6 Bxb4 29. Rxb6 Bc3 30. Rab1 Bd5 31. Qc5 Rac8 32. Ba4 Rxc5 33. Bxd7 d3
34. Rb8 Rxb8 35. Rxb8+ Kg7 0-1

[Event "I Open A"]
[Site "Pedavena ITA"]
[Date "2005.08.04"]
[Round "3"]
[White "Castellano, Alfonso"]
[Black "Dvirnyy, Danyyil"]
[Result "0-1"]
[WhiteElo "1928"]
[BlackElo "2141"]
[PlyCount "24"]
[EventDate "2005.08.03"]

1. c4 e5 2. Nc3 Nf6 3. g3 Bb4 4. Bg2 O-O 5. Qc2 c6 6. e4 Na6 7. Nge2 Nc7 8. a3
Be7 9. d4 d6 10. O-O Bg4 11. f3 Bd7 12. Be3 12... Qc8 {phone default} 0-1

[Event "I Open A"]
[Site "Pedavena ITA"]
[Date "2005.08.04"]
[Round "3"]
[White "Cecchetto, Vanni"]
[Black "Pegoraro, Nicola"]
[Result "0-1"]
[WhiteElo "2019"]
[BlackElo "2085"]
[PlyCount "48"]
[EventDate "2005.08.03"]

1. Nf3 f5 2. d4 Nf6 3. Nc3 e6 4. Bg5 Be7 5. Bxf6 Bxf6 6. e4 fxe4 7. Nxe4 O-O 8.
Bd3 Nc6 9. c3 d5 10. Ng3 e5 11. dxe5 Nxe5 12. Nxe5 Bxe5 13. Qh5 g6 14. Qd1 Qd6
15. O-O Bd7 16. Qb3 Bc6 17. c4 Rad8 18. Rad1 Kh8 19. cxd5 Bxd5 20. Bc4 Bxc4 21.
Qxc4 Qxd1 22. Rxd1 Rxd1+ 23. Nf1 Bd4 24. Qe2 Rxf2 0-1

[Event "I Open A"]
[Site "Pedavena ITA"]
[Date "2005.08.04"]
[Round "3"]
[White "Celotto, Carlo"]
[Black "Zarpellon, Daniel"]
[Result "1/2-1/2"]
[WhiteElo "1840"]
[BlackElo "2015"]
[PlyCount "32"]
[EventDate "2005.08.03"]

1. d4 d5 2. e4 dxe4 3. Nc3 Nf6 4. f3 e3 5. Bxe3 c6 6. Bd3 e6 7. a3 Be7 8. Qd2
O-O 9. Nh3 Nd5 10. Nxd5 exd5 11. O-O-O Be6 12. Ng5 Bxg5 13. Bxg5 f6 14. Bf4 Qd7
15. g4 Na6 16. Rde1 Rae8 1/2-1/2

[Event "I Open A"]
[Site "Pedavena ITA"]
[Date "2005.08.04"]
[Round "3"]
[White "Chiesura, Luca"]
[Black "Pomaro, Alberto"]
[Result "0-1"]
[WhiteElo "1470"]
[BlackElo "1943"]
[PlyCount "84"]
[EventDate "2005.08.03"]

1. Nc3 Nf6 2. d4 g6 3. Nf3 Bg7 4. Bf4 O-O 5. h3 d6 6. Qd3 c6 7. e4 Qa5 8. Nd2
Be6 9. Be2 Na6 10. a3 Nb4 11. axb4 Qxa1+ 12. Nd1 b5 13. O-O Qa6 14. b3 Qb7 15.
Qe3 a5 16. bxa5 Rxa5 17. g4 Rfa8 18. Kh2 Ra2 19. e5 Nd5 20. Qf3 Nxf4 21. Qxf4
dxe5 22. dxe5 Rxc2 23. Bf3 Qc7 24. Re1 Raa2 25. Nf1 Bxb3 26. Kg2 Rc4 27. Qe3
Bxd1 28. Bxd1 Rb4 29. Nd2 Qxe5 30. Ne4 Ra1 31. Bf3 Rxe1 32. Qxe1 Ra4 33. Qb1
Qf4 34. Qc2 Rc4 35. Qd3 Be5 36. Ng3 Qd4 37. Qa3 Bxg3 38. Qa8+ Kg7 39. Kxg3 Rc2
40. Qa3 Qxf2+ 41. Kf4 Rc4+ 42. Ke5 Qg3# 0-1

[Event "I Open A"]
[Site "Pedavena ITA"]
[Date "2005.08.04"]
[Round "3"]
[White "Chinello, Gianmarco"]
[Black "Gaido, Paolo"]
[Result "1/2-1/2"]
[WhiteElo "2070"]
[BlackElo "2114"]
[PlyCount "64"]
[EventDate "2005.08.03"]

1. e4 d6 2. d4 Nf6 3. Nc3 g6 4. Be3 c6 5. f3 b5 6. a3 Nbd7 7. d5 cxd5 8. Nxd5
a6 9. c4 bxc4 10. Bxc4 Bg7 11. Rc1 O-O 12. Nc7 Rb8 13. b4 Nc5 14. bxc5 Qxc7 15.
cxd6 Qxd6 16. Qxd6 exd6 17. Rd1 Nd7 18. Rxd6 Ne5 19. Be2 Rb3 20. Bc5 Re8 21.
Rd1 Bf8 22. Bxf8 Kxf8 23. a4 Ra3 24. Rd4 Nc6 25. Rd6 Nb4 26. Bd1 Ke7 27. Rd4 a5
28. Ne2 Nd3+ 29. Kd2 Rd8 30. Rxd8 Kxd8 31. Nc3 Nc5 32. Bc2 Bd7 1/2-1/2

[Event "I Open A"]
[Site "Pedavena ITA"]
[Date "2005.08.04"]
[Round "3"]
[White "Fracasso Pezzolato, Michele"]
[Black "Quaranta, Gaetano"]
[Result "0-1"]
[WhiteElo "1814"]
[BlackElo "1631"]
[PlyCount "108"]
[EventDate "2005.08.03"]

1. e4 e5 2. f4 d5 3. exd5 e4 4. d3 exd3 5. Bxd3 Nf6 6. Nf3 Bc5 7. Qe2+ Qe7 8.
Qxe7+ Kxe7 9. Nc3 Re8 10. Bd2 Kf8+ 11. Be2 Ng4 12. h3 Ne3 13. Bxe3 Bxe3 14. Nb5
Bxf4 15. Kf2 a6 16. Nc3 Bf5 17. g3 Be3+ 18. Kg2 Bxc2 19. Bc4 b5 20. Bb3 Bxb3
21. axb3 Nd7 22. Rhe1 Nf6 23. Rad1 Rad8 24. Rd3 Bc5 25. Rf1 Re3 26. Rxe3 Bxe3
27. Ne5 Bd4 28. Nc6 Bxc3 29. Nxd8 Bxb2 30. Rd1 Ke7 31. Nb7 Nd7 32. Rd2 Be5 33.
Ra2 Nb6 34. d6+ cxd6 35. Rxa6 Nd5 36. Ra7 Bd4 37. Ra2 Be5 38. Kf3 Kd7 39. Na5
Nc3 40. Rc2 d5 41. b4 d4 42. Nb3 Kd6 43. Nc5 Kd5 44. Nd3 Bc7 45. Nb2 Bd6 46.
Nd3 Kc4 47. Nb2+ Kxb4 48. Kf2 Kc5 49. Nd1 b4 50. Nb2 Kd5 51. Ke1 Bxg3+ 52. Kd2
b3 53. Rxc3 dxc3+ 54. Kxc3 Be5+ 0-1

[Event "I Open A"]
[Site "Pedavena ITA"]
[Date "2005.08.04"]
[Round "3"]
[White "Fragni, Enrico"]
[Black "Occari, Maurizio"]
[Result "1-0"]
[WhiteElo "1861"]
[BlackElo "2124"]
[PlyCount "93"]
[EventDate "2005.08.03"]

1. e4 c5 2. Nf3 e6 3. d4 cxd4 4. Nxd4 Nc6 5. c3 Nf6 6. f3 a6 7. Be3 Qc7 8. Nd2
d5 9. Nxc6 bxc6 10. Bd3 Bd6 11. g3 Bb7 12. Qc2 c5 13. exd5 exd5 14. O-O-O h6
15. Rhe1 O-O 16. Kb1 Bc6 17. Ka1 Bb5 18. Bf5 a5 19. c4 Ba6 20. cxd5 Nxd5 21.
Be4 Nb4 22. Qc1 Rab8 23. Nc4 Be7 24. Bf4 Qa7 25. Bxb8 Rxb8 26. a3 Bf6 27. Rd2
Bb5 28. f4 Bd4 29. Ne5 Na6 30. Bb1 Nb4 31. g4 Nd5 32. Rg2 Ba4 33. Ba2 Bb3 34.
Nc6 Qa8 35. Nxb8 Bxa2 36. Re8+ Kh7 37. Qc2+ g6 38. Kxa2 Nb4+ 39. axb4 axb4+ 40.
Kb1 Kg7 41. Rge2 Qh1+ 42. Re1 Qd5 43. Rd1 b3 44. Qd3 Qb7 45. Na6 Qc6 46. Re4
Qa4 47. Rxd4 1-0

[Event "I Open A"]
[Site "Pedavena ITA"]
[Date "2005.08.04"]
[Round "3"]
[White "Gromovs, Sergejs"]
[Black "Drezzadore, Dario"]
[Result "1-0"]
[WhiteElo "2375"]
[BlackElo "2019"]
[PlyCount "73"]
[EventDate "2005.08.03"]

1. d4 d5 2. Nf3 Nf6 3. c4 e6 4. Nc3 Nbd7 5. Bg5 Be7 6. e3 b6 7. Qa4 O-O 8. cxd5
exd5 9. Qc6 Rb8 10. Bf4 Ne8 11. Nxd5 Bb7 12. Nxe7+ Qxe7 13. Qa4 Rc8 14. Bb5
Ndf6 15. O-O a6 16. Bc6 b5 17. Qc2 Nd6 18. Bxb7 Nxb7 19. Qc6 Nd6 20. Qxa6 Nfe4
21. Qc6 g5 22. Bg3 h5 23. Rfc1 h4 24. Bxd6 Nxd6 25. Rc5 f6 26. Rac1 Kg7 27.
Qxc7 Rxc7 28. Rxc7 Kf7 29. Rxe7+ Kxe7 30. Nd2 Ra8 31. a3 f5 32. f3 Ra7 33. Kf2
Ke6 34. e4 Ra4 35. Ke3 b4 36. axb4 Rxb4 37. b3 1-0

[Event "I Open A"]
[Site "Pedavena ITA"]
[Date "2005.08.04"]
[Round "3"]
[White "Luciani, Valerio"]
[Black "Bini, Lorenzo"]
[Result "1-0"]
[WhiteElo "2248"]
[BlackElo "2009"]
[PlyCount "99"]
[EventDate "2005.08.03"]

1. d4 b6 2. e4 Bb7 3. Bd3 e6 4. Qe2 Nf6 5. Nf3 d5 6. e5 Ne4 7. O-O c5 8. c3 h6
9. a3 a5 10. Be3 Ba6 11. c4 cxd4 12. Bxd4 Nc5 13. Bxc5 Bxc5 14. Rd1 d4 15. Nbd2
Bb7 16. b3 Nc6 17. Nf1 Qe7 18. Qb2 O-O 19. Be4 f5 20. Bxc6 Bxc6 21. Nxd4 Bxd4
22. Rxd4 f4 23. Rd6 Rac8 24. f3 Rf5 25. Qe2 g5 26. Rad1 h5 27. Qf2 Rxe5 28.
Qxb6 Be8 29. Rd8 Rxd8 30. Qxd8 Kf7 31. Qxe7+ Kxe7 32. Kf2 g4 33. b4 axb4 34.
axb4 Ba4 35. Rd4 Rf5 36. Nd2 Bc2 37. b5 e5 38. Rd5 Ke6 39. Ne4 Rf8 40. Nc5+ Kf5
41. b6 Rg8 42. b7 g3+ 43. hxg3 fxg3+ 44. Ke3 h4 45. Nd7 Bb3 46. Rxe5+ Kg6 47.
b8=Q Rxb8 48. Nxb8 Bxc4 49. Re4 Bf1 50. Rxh4 1-0

[Event "I Open A"]
[Site "Pedavena ITA"]
[Date "2005.08.04"]
[Round "3"]
[White "Moi, Roberto"]
[Black "Sottroi, Carlo"]
[Result "1-0"]
[WhiteElo "2010"]
[BlackElo "1802"]
[PlyCount "77"]
[EventDate "2005.08.03"]

1. d4 Nf6 2. c4 g6 3. Nc3 Bg7 4. e4 d6 5. Nf3 O-O 6. Be2 Na6 7. O-O c5 8. d5
Bd7 9. Ne1 Nc7 10. f4 a6 11. a4 Rb8 12. a5 Na8 13. e5 Ne8 14. Nf3 b6 15. axb6
Qxb6 16. Bd3 Nac7 17. Qe2 a5 18. Kh1 Na6 19. Ne4 Bg4 20. Ng3 Nb4 21. Bb1 Nc7
22. Ra3 Ra8 23. h3 Bxf3 24. Raxf3 e6 25. exd6 Qxd6 26. Ne4 Qb6 27. Be3 Nca6 28.
Qf2 Rac8 29. dxe6 Qxe6 30. f5 Qe5 31. f6 Bh8 32. Bh6 Rfd8 33. Qh4 Rd4 34. Rf5
Qe6 35. R5f4 Re8 36. Bg7 Rxe4 37. Rxe4 Qd7 38. Qh6 Rxe4 39. Bxh8 1-0